Sunflowers /

Text and photographs describe the growth of a sunflower from a seed to a full-grown plant.

Bibliographic Details
Main Author: Bix, Cynthia Overbeck
Other Authors: Kanōzawa, Susumu, 1942-, Shirako, Morizō
Format: Book
Language:English
Published: Minneapolis : Lerner, 1981.
Series:Lerner natural science book.
Subjects:

MARC

Tag First Indicator Second Indicator Subfields
LEADER 00000pam a2200000 a 4500
001 in00000087373
005 20151008062927.0
008 801204s1981 mnua j 00110 engm
010 |a  80027797  
020 |a 0822514575 :  |c $7.95 
035 |a (OCoLC)07169834 
035 |9 AAK1220AM 
040 |a DLC  |c DLC  |d m.c.  |d TXA  |d UtOrBLW 
049 |a [Curr Col] TXAM  |c [388586] 
050 0 0 |a QK495 C74  |b  O92 
082 0 |a 583/.55  |2 19 
100 1 |a Bix, Cynthia Overbeck. 
245 1 0 |a Sunflowers /  |c by Cynthia Overbeck ; photographs by Susumu Kanozawa ; [translation by Joe and Hiroko McDermott ; additional research by Jane Dallinger]. 
264 1 |a Minneapolis :  |b Lerner,  |c 1981. 
300 |a 48 pages :  |b color illustrations ;  |c 23 cm. 
336 |a text  |b txt  |2 rdacontent 
337 |a unmediated  |b n  |2 rdamedia 
338 |a volume  |b nc  |2 rdacarrier 
490 1 |a Lerner natural science book 
500 |a Adapted from Observing the sunflower, by M. Shirako, originally published under title: Himawari no kansatsu. 
500 |a Includes index. 
520 |a Text and photographs describe the growth of a sunflower from a seed to a full-grown plant. 
650 0 |a Sunflowers  |v Juvenile literature. 
650 1 |a Sunflowers. 
700 1 |a Kanōzawa, Susumu,  |d 1942- 
700 1 |a Shirako, Morizō.  |t Himawari no kansatsu.  |l English. 
830 0 |a Lerner natural science book. 
999 |a MARS 
999 f f |s 59c3d470-4d33-362b-882c-91269ac64d80  |i 2891d5fc-14de-3361-9676-e547996b330a  |t 0 
952 f f |p normal  |a Texas A&M University  |b College Station  |c Sterling C. Evans Library  |d Evans: Curriculum Collection (4th floor)  |t 0  |e QK495 C74 O92  |h Library of Congress classification  |i unmediated -- volume  |m A14805980561 
998 f f |a QK495 C74 O92  |t 0  |l Evans: Curriculum Collection (4th floor)